Subdivision methods for geometric design : a constructive approach

Αποθηκεύτηκε σε:
Λεπτομέρειες βιβλιογραφικής εγγραφής
Κύριος συγγραφέας: Warren, Joseph D.
Άλλοι συγγραφείς: Weimer, Henrik
Μορφή: Βιβλίο
Γλώσσα:English
Δημοσίευση: San Francisco : Morgan Kaufmann, c2002
Σειρά:Morgan Kaufmann series in computer graphics and geometric modeling
Θέματα:
Ετικέτες: Προσθήκη ετικέτας
Δεν υπάρχουν, Καταχωρήστε ετικέτα πρώτοι!

MARC

LEADER 00000nam a2200000 i 4500
001 1/67442
008 041201s2002 eng d
020 |a 1-55860-446-4 
035 |l 10075587 
040 |a GR-MY-UA  |b gre  |e aacr 
041 0 |a eng 
082 0 |a 006.696  |2 (21) 
100 1 |a Warren, Joseph D. 
245 1 0 |a Subdivision methods for geometric design :  |b a constructive approach /  |c Joe Warren, Henrik Weimer 
260 |a San Francisco :   |b Morgan Kaufmann,   |c c2002 
300 |a xvi, 299 σ.;  |b εικ.;  |c 24 εκ. 
490 1 |a The Morgan Kaufmann series in computer graphics and geometric modeling 
504 |a Περιλαμβάνει βιβλιογρφία (σ.276-285) και ευρετήριο 
650 0 0 |a Computer graphics. 
650 0 0 |a Computer-aided design. 
650 0 0 |a Computer animation. 
650 0 0 |a Topology. 
700 1 |a Weimer, Henrik. 
830 0 |a Morgan Kaufmann series in computer graphics and geometric modeling 
852 |a INST  |b SYROS  |e 20041201  |h 006.696 WAR  |p 005500003807  |q 005500003807  |t BK  |y 0 
901 |a BIBL5-2004-3 
909 |a Ε  |b 116015 
920 |a ΔΙΕΥΡΥΝΣΗ  |b ΕΠΕΑΕΚ-ΤΜΣΠΣ  |y ΣΥΡΟΣ  |z 2004-10 
970 |a ΚΑΓΙΑΒΑ  |b ΕΙΡΗΝΗ  |z 2004/12/01